Железосодержащие подземные воды юго-восточной части Среднеобского бассейна: диссертация на соискание ученой степени кандидата геолого-минералогических наук; спец. 25.00.07

מידע ביבליוגרפי
מחבר ראשי: Иванова И. С. Ирина Сергеевна
Corporate Authors: Национальный исследовательский Томский политехнический университет (ТПУ) Институт природных ресурсов (ИПР) Кафедра гидрогеологии, инженерной геологии и гидрогеоэкологии (ГИГЭ) Научно-образовательный центр "Вода" (НОЦ "ВОДА") Проблемная научно-исследовательская лаборатория гидрогеохимии (ПНИЛ ГГХ), Российская академия наук (РАН) Сибирское отделение (СО) Институт нефтегазовой геологии и геофизики им. А. А. Трофимука (ИНГГ) Томский филиал
מחברים אחרים: Шварцев С. Л. Степан Львович (научный руководитель), Покровский О. С. (научный консультант)
סיכום:Электронная версия печатной публикации
שפה:רוסית
יצא לאור: Томск, 2013
נושאים:
גישה מקוונת:http://earchive.tpu.ru/handle/11683/30622
פורמט: MixedMaterials אלקטרוני ספר
KOHA link:https://koha.lib.tpu.ru/cgi-bin/koha/opac-detail.pl?biblionumber=318719

MARC

LEADER 00000nlm0a2200000 4500
001 318719
005 20231102003115.0
035 |a (RuTPU)RU\TPU\book\344220 
035 |a RU\TPU\book\256130 
090 |a 318719 
100 |a 20160504d20130325k y0rusy50 ca 
101 0 |a rus 
102 |a RU 
105 |a a m 001zy 
135 |a drcn ---uucaa 
181 0 |a i  
182 0 |a b 
200 1 |a Железосодержащие подземные воды юго-восточной части Среднеобского бассейна  |b Электронный ресурс  |e диссертация на соискание ученой степени кандидата геолого-минералогических наук  |e спец. 25.00.07  |f И. С. Иванова  |g Национальный исследовательский Томский политехнический университет (ТПУ) ; науч. рук. С. Л. Шварцев, науч. конс. О. С. Покровский 
203 |a Текст  |c электронный 
210 |a Томск  |d 2013 
215 |a 1 файл (6.59 Mb) 
230 |a Электронные текстовые данные (1 файл : 6.59 Mb) 
300 |a Электронная версия печатной публикации 
337 |a Adobe Reader 
452 1 |0 (RuTPU)RU\TPU\book\256132  |t Железосодержащие подземные воды юго-восточной части Среднеобского бассейна  |o диссертация на соискание ученой степени кандидата геолого-минералогических наук  |o спец. 25.00.07  |f И. С. Иванова  |g Национальный исследовательский Томский политехнический университет (ТПУ) ; Российская академия наук (РАН), Сибирское отделение (СО), Институт нефтегазовой геологии и геофизики им. А. А. Трофимука (ИНГГ), Томский филиал ; науч. рук. С. Л. Шварцев ; науч. конс. О. С. Покровский  |c Томск  |d 2013  |p 180 л.  |a Иванова, Ирина Сергеевна 
606 1 |a Железо  |x Содержание в подземных водах  |2 stltpush  |3 (RuTPU)RU\TPU\subj\10582  |9 37629 
610 1 |a Среднеобской бассейн 
610 1 |a природные воды 
610 1 |a физико-географические условия 
610 1 |a геологические условия 
610 1 |a гидрогеологические условия 
610 1 |a почва 
610 1 |a горные породы 
610 1 |a марганец 
610 1 |a железосодержащие подземные воды 
610 1 |a геохимия 
610 1 |a формирование 
610 1 |a диссертации 
610 1 |a труды учёных ТПУ 
675 |a 556.314.6(04)  |v 3 
686 |a 25.00.07  |2 oksvnk 
700 1 |a Иванова  |b И. С.  |c гидрогеолог  |c инженер Томского политехнического университета  |f 1986-  |g Ирина Сергеевна  |2 stltpush  |3 (RuTPU)RU\TPU\pers\28195 
702 1 |a Шварцев  |b С. Л.  |c российский гидрогеолог, доктор геолого-минералогических наук  |c профессор Томского политехнического университета, академик РАЕН  |f 1936-  |g Степан Львович  |2 stltpush  |3 (RuTPU)RU\TPU\pers\25914  |4 727 
702 1 |a Покровский  |b О. С.  |4 695 
712 0 2 |a Национальный исследовательский Томский политехнический университет (ТПУ)  |b Институт природных ресурсов (ИПР)  |b Кафедра гидрогеологии, инженерной геологии и гидрогеоэкологии (ГИГЭ)  |b Научно-образовательный центр "Вода" (НОЦ "ВОДА")  |b Проблемная научно-исследовательская лаборатория гидрогеохимии (ПНИЛ ГГХ)  |h 260  |2 stltpush  |3 (RuTPU)RU\TPU\col\19129 
712 0 2 |a Российская академия наук (РАН)  |b Сибирское отделение (СО)  |b Институт нефтегазовой геологии и геофизики им. А. А. Трофимука (ИНГГ)  |b Томский филиал  |2 stltpush  |3 (RuTPU)RU\TPU\col\18715 
801 1 |a RU  |b 63413507  |c 20130403 
801 2 |a RU  |b 63413507  |c 20160705  |g RCR 
856 4 0 |u http://earchive.tpu.ru/handle/11683/30622 
942 |c CF